000 00247nam a2200097Ia 4500
001 1182375
005 20250827020833.0
008 250824s9999 xx 000 0 und d
245 0 _aGÜRÜLTÜCÜLER
_cFUNDA ÖZLEM ŞERAN
260 _bALTIN KİTAPLAR
999 _c1182375
_d1182375